Client Care : (Record no. 966)
[ view plain ]
| 000 -LEADER | |
|---|---|
| fixed length control field | 00469nam a22001577a 4500 |
| 005 - DATE AND TIME OF INPUT | |
| control field | 20231127082527.0 |
| 008 - DATA ELEMENTS--GENERAL INFORMATION | |
| fixed length control field | 231127b |||||||| |||| 00| 0 eng d |
| 020 ## - INTERNATIONAL STANDARD BOOK NUMBER | |
| International Standard Book Number | 0409029947 |
| 041 ## - LANGUAGE CODE | |
| Language code of text | English |
| 082 ## - SHELF NUMBER | |
| DDC number | 340.1 ALE |
| 100 ## - MAIN AUTHOR | |
| Main author's name | Alexander, J |
| Language of a work | English |
| 245 ## - TITLE STATEMENT | |
| Title | Client Care : |
| Sub-title | Butterworths Legal Practice Handbook / |
| Statement of responsibility, etc. | J Alexander |
| 300 ## - PHYSICAL DESCRIPTION | |
| Other physical details | xii, 95 pages ; |
| Dimensions | 25 cm. |
| 650 ## - SUBJECT` | |
| Broad subject | Legal practice |
| Own subject terms | Law |
| 942 ## - ADDED ENTRY ELEMENTS (KOHA) | |
| Item type | Books |
| 942 ## - ADDED ENTRY ELEMENTS (KOHA) | |
| -- | ALISON_BN_VRIES |
| Source of classification or shelving scheme | Not for loan | Collection code | Home library | Current library | Shelving location | Date acquired | Full call number | Barcode | Price effective from | Koha item type |
|---|---|---|---|---|---|---|---|---|---|---|
| Dewey Decimal Classification | TEXT BOOKS | LAW SOCIETY OF NAMIBIA LIBRARY - WINDHOEK | LAW SOCIETY OF NAMIBIA LIBRARY - WINDHOEK | General Shelf | 11/27/2023 | 340.1 ALE | LSN/2002/25 | 11/27/2023 | Books |
